000 00545nam a2200217Ia 4500
001 1045
003 GE_BSU
008 181216s||||||||xx |||||||||||||| ||und||
020 _a5827500216
040 _cGE_BSU
080 _a681.3.066
100 _aСайлер,Брайн,Джефф Спотс
245 _aИспользование Visual Basic 6
260 _aМосква
260 _bВильямс
260 _c1999
300 _a830стр.
541 _h25л.
653 _aИспользование Visual Basic
942 _cBK
999 _c35199
_d35199